header

Ocular transporters in ophthalmic diseases and drug delivery (Record no. 132680)

MARC details
000 -LEADER
fixed length control field 01452nam a2200385Ia 4500
245 00 - TITLE STATEMENT
Title Ocular transporters in ophthalmic diseases and drug delivery
260 ## - PUBLICATION, DISTRIBUTION, ETC. (IMPRINT)
Place of publication Totowa, N.J. :
Name of publisher Humana Press,
Year of publication c2008.
300 ## - PHYSICAL DESCRIPTION
Number of Pages xviii, 467 p. :
Other physical details ill.
490 1# - SERIES STATEMENT
Series statement Ophthalmology research
650 #0 - SUBJECT ADDED ENTRY--TOPICAL TERM
Topical Term Biological transport.
Topical Term Drug targeting.
Topical Term Eye
Topical Term Eye
700 1# - ADDED ENTRY--PERSONAL NAME
Personal name Barnstable, Colin J.
Personal name Tombran-Tink, Joyce.
856 40 - ELECTRONIC LOCATION AND ACCESS
Uniform Resource Identifier http://site.ebrary.com/lib/rucke/Doc?id=10223317

No items available.

© 2026 Rongo University
Contact us: librarian | system librarian | Rongo university